| 000 -LEADER |
| fixed length control field |
00406cam a22001457a 4500 |
| 008 - FIXED-LENGTH DATA ELEMENTS--GENERAL INFORMATION |
| fixed length control field |
180718b1958 xxu||||| |||| 00| 0 eng d |
| 082 ## - DEWEY DECIMAL CLASSIFICATION NUMBER |
| Classification number |
T312 K952 |
| 100 ## - MAIN ENTRY--PERSONAL NAME |
| Personal name |
Kuchhal, S.C. |
| 245 ## - TITLE STATEMENT |
| Title |
Corporation finance: principles and problems |
| Statement of responsibility, etc. |
by S.C. Kuchhal |
| 250 ## - EDITION STATEMENT |
| Edition statement |
2nd ed. |
| 260 ## - PUBLICATION, DISTRIBUTION, ETC. |
| Place of publication, distribution, etc. |
Allahabad |
| Name of publisher, distributor, etc. |
Chitanya Pub. House |
| Date of publication, distribution, etc. |
1958 |
| 300 ## - PHYSICAL DESCRIPTION |
| Extent |
525p. |
| 500 ## - GENERAL NOTE |
| General note |
Rs.11.50 |
| 650 ## - SUBJECT ADDED ENTRY--TOPICAL TERM |
| Topical term or geographic name entry element |
Corporations - Finance |